[Event "GER-ch Schools U18 Girls"]
[Site "Germany"]
[Date "2009.05.17"]
[Round "5.1"]
[White "Morawiak, Vivien"]
[Black "Franzenburg, Maria"]
[Result "0-1"]
[WhiteElo "800"]
[BlackElo "1668"]
[PlyCount "44"]
[EventDate "2009.05.16"]
[EventType "team-swiss"]
[EventRounds "7"]
[EventCountry "GER"]
[SourceTitle "EXT 2011"]
[Source "ChessBase"]
[SourceDate "2010.11.26"]
[SourceVersion "1"]
[SourceVersionDate "2010.11.26"]
[SourceQuality "1"]
[WhiteTeam "St Marien (W)"]
[BlackTeam "Kiel MPS (W)"]
[WhiteTeamCountry "GER"]
[BlackTeamCountry "GER"]

1. d4 f5 2. c4 g6 3. e3 Bg7 4. Nf3 d6 5. Nc3 Nf6 6. Bd3 0-0 7. 0-0 Qe8 8. b3 e5 9. Bc2 e4 10. Ng5 h6 11. Nh3 c6 12. Ba3 Qd8 13. c5 d5 14. Nf4 Qe8 15. b4 g5 16. Nfe2 Nh5 17. Ba4 f4 18. f3 exf3 19. gxf3 Bh3 20. Re1 Qxe3+ 21. Kh1 Qxf3+ 22. Kg1 Qg2# 0-1